Strategické faktory logistického reťazca v agropotravinárstve
Výskum uplatňovania strategických faktorov reťazca v podnikateľských jednotkách agropotravinárskeho sektora. Skúsenosti potvrdzujú, že význam a dôležitosť v tejto oblasti narastá, korešponduje s prosperitou podnikateľských jednotiek. Zdokonaľovanie logistického reťazca predpokladá nielen zabezpečiť...
Guardado en:
| Autor principal: | |
|---|---|
| Formato: | Capítulo de libro |
| Lenguaje: | eslovaco |
| Materias: | |
| Etiquetas: |
Sin Etiquetas, Sea el primero en etiquetar este registro!
|
MARC
| LEADER | 00000naa$a2200000$$$4500 | ||
|---|---|---|---|
| 001 | 0021258 | ||
| 005 | 20240502071411.8 | ||
| 041 | 0 | |a slo | |
| 044 | |a SK | ||
| 245 | 1 | 0 | |a Strategické faktory logistického reťazca v agropotravinárstve |c Andrej Dupaľ |
| 520 | |a Výskum uplatňovania strategických faktorov reťazca v podnikateľských jednotkách agropotravinárskeho sektora. Skúsenosti potvrdzujú, že význam a dôležitosť v tejto oblasti narastá, korešponduje s prosperitou podnikateľských jednotiek. Zdokonaľovanie logistického reťazca predpokladá nielen zabezpečiť jeho procesnú stránku, ale rešpektovať i čas, náklady a kvalitu v ňom, zdokonaľovať informačné toky v logistike a informačný systém, pozornosť venovať procesu zmien, outsourcingu logistiky, tiež manažmentu logistických projektov. | ||
| 610 | 2 | 0 | |a logistika |
| 610 | 2 | 0 | |a agropotravinárstvo |
| 610 | 2 | 0 | |a reťazce logistické |
| 610 | 2 | 0 | |a stratégia logistická |
| 610 | 2 | 0 | |a stratégia podniková |
| 610 | 2 | 0 | |a projekty |
| 610 | 2 | 0 | |a poľnohospodárstvo |
| 610 | 2 | 0 | |a potravinárstvo |
| 100 | 1 | |a Dupaľ, Andrej | |